[Event "Titled Tuesday intern op 01st Mar Early"]
[Site "Chess.com INT"]
[Date "2022.03.01"]
[Round "6"]
[White "Astasio Lopez, David"]
[Black "Bintang, Rasyid A Hidayat"]
[Result "1-0"]
[WhiteElo "2371"]
[BlackElo "1820"]
[PlyCount "59"]
[EventDate "2022.03.01"]
[EventType "swiss (blitz)"]
[EventRounds "11"]
[EventCountry "USA"]
[SourceTitle "CBM 207 Extra"]
[Source "ChessBase"]
[SourceDate "2022.05.31"]
[SourceVersion "1"]
[SourceVersionDate "2022.05.31"]
[SourceQuality "1"]

1. d4 d5 2. Nf3 Nc6 3. Nbd2 Bg4 4. c3 e6 5. e3 Bd6 6. Qb3 Rb8 7. Qa4 Nge7 8. Ne5 Bxe5 9. dxe5 0-0 10. Qxg4 Ng6 11. f4 f5 12. Qg3 Nce7 13. Nb3 b6 14. Be2 Qd7 15. 0-0 a5 16. Nd4 c5 17. Bb5 Qc8 18. Nf3 Kh8 19. Qh3 Ng8 20. Ng5 h6 21. b3 N8e7 22. Bb2 Kg8 23. Nf3 Rd8 24. Qg3 Kh7 25. Rac1 Rg8 26. Rfd1 Qf8 27. Qh3 Nh8 28. Ng5+ Kg6 29. Be2 hxg5 30. Qh5# 1-0

[Event "Titled Tuesday intern op 01st Mar Early"]
[Site "Chess.com INT"]
[Date "2022.03.01"]
[Round "1"]
[White "Astasio Lopez, David"]
[Black "Caruana, Fabiano"]
[Result "1/2-1/2"]
[WhiteElo "2371"]
[BlackElo "2792"]
[PlyCount "139"]
[EventDate "2022.03.01"]
[EventType "swiss (blitz)"]
[EventRounds "11"]
[EventCountry "USA"]
[SourceTitle "CBM 207 Extra"]
[Source "ChessBase"]
[SourceDate "2022.05.31"]
[SourceVersion "1"]
[SourceVersionDate "2022.05.31"]
[SourceQuality "1"]

1. d4 d5 2. Nf3 Nf6 3. Nbd2 Bf5 4. c3 e6 5. Qb3 Qc8 6. Nh4 Bg6 7. g3 Nbd7 8. Bg2 c5 9. 0-0 Be7 10. Re1 0-0 11. Nxg6 hxg6 12. e4 cxd4 13. cxd4 dxe4 14. Nxe4 Nd5 15. Bg5 Bxg5 16. Nxg5 N7f6 17. Rac1 Qd7 18. Nf3 Rac8 19. Ne5 Qe7 20. h3 Rc7 21. Rxc7 Qxc7 22. Nd3 Rc8 23. Rc1 Qd7 24. Rc5 b6 25. Rc2 g5 26. a3 g6 27. Ne5 Qb7 28. Rxc8+ Qxc8 29. Qc4 Qxc4 30. Nxc4 Kf8 31. Nd6 a5 32. Nc4 Ke7 33. Kf1 Nd7 34. Ke2 f6 35. Kd3 a4 36. Bf3 b5 37. Ne3 N7b6 38. Bxd5 exd5 39. Kc3 Kd6 40. Ng4 Nd7 41. Kb4 f5 42. Ne3 Kc6 43. Nd1 Nb6 44. Nc3 Nc4 45. Nxb5 Nxb2 46. f3 Nd3+ 47. Kxa4 Ne1 48. Na7+ Kb7 49. Nb5 Nxf3 50. Kb4 f4 51. gxf4 gxf4 52. Kc3 Ng5 53. h4 Nf3 54. Nd6+ Kc6 55. Nf7 Nxh4 56. a4 Kb6 57. Ne5 g5 58. Kd3 Ka5 59. Nc6+ Kxa4 60. Ne7 Kb5 61. Nxd5 Kc6 62. Nf6 Nf5 63. d5+ Kb5 64. Ke4 Nd6+ 65. Kf3 Kc4 66. Nh7 Nf7 67. d6 Nxd6 68. Nxg5 Kd5 69. Nh3 Ke5 70. Nxf4 1/2-1/2

[Event "Titled Tuesday intern op 01st Mar Early"]
[Site "Chess.com INT"]
[Date "2022.03.01"]
[Round "3"]
[White "Astasio Lopez, David"]
[Black "Gatterer, Florian"]
[Result "1-0"]
[WhiteElo "2371"]
[BlackElo "2179"]
[PlyCount "225"]
[EventDate "2022.03.01"]
[EventType "swiss (blitz)"]
[EventRounds "11"]
[EventCountry "USA"]
[SourceTitle "CBM 207 Extra"]
[Source "ChessBase"]
[SourceDate "2022.05.31"]
[SourceVersion "1"]
[SourceVersionDate "2022.05.31"]
[SourceQuality "1"]

1. d4 Nf6 2. Nf3 e6 3. Nbd2 d5 4. e3 Be7 5. Bd3 b6 6. e4 dxe4 7. Nxe4 Nbd7 8. 0-0 Bb7 9. Neg5 h6 10. Nh3 g5 11. Ne5 Nxe5 12. dxe5 Qd5 13. f3 Qxe5 14. Re1 Qd6 15. Qe2 0-0-0 16. a4 a5 17. Be3 Nd5 18. Bf2 Nf4 19. Nxf4 Qxf4 20. Bg3 Qd4+ 21. Kh1 Bd6 22. Bf2 Qg7 23. Ba6 h5 24. Rad1 Kb8 25. Bxb7 Kxb7 26. Qe4+ c6 27. Rd3 Bc7 28. Rc3 Rd6 29. Bg3 Rd5 30. Bxc7 Kxc7 31. Qc4 c5 32. Qa6 Rb8 33. Rce3 Qd4 34. h3 h4 35. Qb5 Rbd8 36. Qa6 Rb8 37. Qb5 Rbd8 38. c3 Qf4 39. Qa6 Rb8 40. Qa7+ Rb7 41. Qa8 Rb8 42. Qa7+ Rb7 43. Qa6 Qd6 44. Qc4 Rb8 45. Qe4 Rd8 46. Qh7 Rd7 47. Qg8 Qf4 48. Qa8 Rd8 49. Qa7+ Kc6 50. Qa6 Kc7 51. Qa7+ Kc6 52. Re4 Qd2 53. Qa6 Kc7 54. Qa7+ Kc6 55. b4 axb4 56. cxb4 cxb4 57. Qa6 Rc5 58. Qa7 Rd7 59. Qa8+ Kc7 60. Qa7+ Kc6 61. Qb8 Rcd5 62. Qc8+ Rc7 63. Qa8+ Kd7 64. Qf8 Qc3 65. Qxf7+ Kc6 66. Qxe6+ Rd6 67. Qe8+ Kb7 68. Re7 Rdc6 69. Rxc7+ Rxc7 70. Qe4+ Qc6 71. Qe5 Qc5 72. Qe6 Qc6 73. Qe3 Qc3 74. Qe4+ Qc6 75. Qe3 Qc5 76. Qe2 Qc3 77. Rd1 Ka7 78. Qb5 b3 79. a5 bxa5 80. Rd5 Qc1+ 81. Kh2 Qf4+ 82. Kg1 Qc1+ 83. Kf2 Qc2+ 84. Ke3 Qc3+ 85. Ke4 Qc4+ 86. Ke5 Qxb5 87. Rxb5 Rb7 88. Rxa5+ Kb8 89. Ra1 b2 90. Rb1 Rb6 91. Kf5 Rb5+ 92. Kg4 Ka7 93. f4 Ka6 94. fxg5 Ka5 95. Kxh4 Ka4 96. g6 Ka3 97. g7 Rb8 98. Kh5 Ka2 99. Rxb2+ Kxb2 100. Kh6 Kc3 101. g4 Kd4 102. g5 Ke5 103. h4 Kf5 104. h5 Ke6 105. Kh7 Kf5 106. g6 Kg5 107. h6 Rb7 108. Kh8 Kxh6 109. g8Q Rc7 110. Qh7+ Rxh7+ 111. gxh7 Kg6 112. Kg8 Kf6 113. h8Q+ 1-0

[Event "Titled Tuesday intern op 01st Mar Late"]
[Site "Chess.com INT"]
[Date "2022.03.01"]
[Round "3"]
[White "Astasio Lopez, David"]
[Black "Gulecyuz, Deniz Alp"]
[Result "0-1"]
[WhiteElo "2371"]
[BlackElo "1975"]
[PlyCount "86"]
[EventDate "2022.03.01"]
[EventType "swiss (blitz)"]
[EventRounds "11"]
[EventCountry "USA"]
[SourceTitle "CBM 207 Extra"]
[Source "ChessBase"]
[SourceDate "2022.05.31"]
[SourceVersion "1"]
[SourceVersionDate "2022.05.31"]
[SourceQuality "1"]

1. d4 Nf6 2. Nf3 g6 3. Nbd2 Bg7 4. e4 c5 5. e5 Nd5 6. c4 Nc7 7. d5 d6 8. exd6 exd6 9. Bd3 0-0 10. 0-0 b5 11. Rb1 bxc4 12. Bxc4 Nd7 13. b3 Nb6 14. Ne4 Bf5 15. Re1 Re8 16. Qd3 Qe7 17. Nfd2 Bd4 18. Bb2 Bxb2 19. Rxb2 Qe5 20. Rc2 Ncxd5 21. Bxd5 Nxd5 22. Nc4 Qxe4 23. Rxe4 Bxe4 24. Qd2 Bxc2 25. f3 Nb4 26. Nxd6 Re6 27. a3 Nc6 28. Qxc2 Rxd6 29. Qxc5 Rad8 30. h4 h5 31. b4 Rd1+ 32. Kh2 Nd4 33. Qxa7 Nf5 34. b5 R8d2 35. Qb8+ Kg7 36. Qe5+ Kh7 37. Qf4 Rb2 38. a4 Rdd2 39. Qg5 Rdc2 40. Kh3 Ra2 41. Qf6 Kg8 42. Qd8+ Kg7 43. Qg5 Rxa4 0-1

[Event "Titled Tuesday intern op 01st Mar Late"]
[Site "Chess.com INT"]
[Date "2022.03.01"]
[Round "5"]
[White "Toncheva, Nadya"]
[Black "Astasio Lopez, David"]
[Result "0-1"]
[WhiteElo "2207"]
[BlackElo "2371"]
[PlyCount "46"]
[EventDate "2022.03.01"]
[EventType "swiss (blitz)"]
[EventRounds "11"]
[EventCountry "USA"]
[SourceTitle "CBM 207 Extra"]
[Source "ChessBase"]
[SourceDate "2022.05.31"]
[SourceVersion "1"]
[SourceVersionDate "2022.05.31"]
[SourceQuality "1"]

1. e4 c5 2. Nf3 e6 3. d4 cxd4 4. Nxd4 Nf6 5. f3 Nc6 6. Nxc6 bxc6 7. Bd3 Qb6 8. Qe2 a5 9. b3 Ba6 10. Be3 Bxd3 11. Qxd3 Bc5 12. Bxc5 Qxc5 13. Nd2 0-0 14. Qc4 Qb6 15. a4 d5 16. Qe2 Rfd8 17. Rd1 Qc5 18. Nf1 dxe4 19. Rxd8+ Rxd8 20. fxe4 h5 21. Ne3 Qc3+ 22. Kf1 Nxe4 23. Nc4 Qa1+ 0-1

[Event "Titled Tuesday intern op 11th Jan"]
[Site "Chess.com INT"]
[Date "2022.01.11"]
[Round "9"]
[White "Belenkaya, Dina"]
[Black "Astasio Lopez, David"]
[Result "0-1"]
[WhiteElo "2277"]
[BlackElo "2371"]
[PlyCount "84"]
[EventDate "2022.01.11"]
[EventType "swiss (blitz)"]
[EventRounds "11"]
[EventCountry "USA"]
[SourceTitle "CBM 206 Extra"]
[Source "ChessBase"]
[SourceDate "2022.03.31"]
[SourceVersion "1"]
[SourceVersionDate "2022.03.31"]
[SourceQuality "1"]

1. Nf3 d5 2. g3 c6 3. Bg2 Nf6 4. d3 Nbd7 5. 0-0 e5 6. Nbd2 Bc5 7. e4 0-0 8. Re1 Re8 9. h3 a5 10. a4 Qb6 11. Qe2 Qa7 12. b3 dxe4 13. dxe4 b5 14. Bb2 b4 15. Nc4 Ba6 16. Nfd2 Nb6 17. Rf1 Rad8 18. Kh2 Bd4 19. Bxd4 Rxd4 20. Rfd1 Red8 21. Bf1 Nxc4 22. Nxc4 Bxc4 23. bxc4 Nxe4 24. Rd3 Rxd3 25. cxd3 Qxf2+ 26. Qxf2 Nxf2 27. Re1 f6 28. Re3 Nd1 29. Re2 Nc3 30. Rc2 e4 31. dxe4 Nxe4 32. Bg2 Rd2 33. Rc1 f5 34. g4 g6 35. gxf5 gxf5 36. Kg1 Nc3 37. Kf1 c5 38. Bc6 Kg7 39. Re1 Kf6 40. Re8 Rd6 41. Bf3 Re6 42. Ra8 Rb6 0-1

[Event "Titled Tuesday intern op 4th Sept"]
[Site "Chess.com INT"]
[Date "2018.09.04"]
[Round "7"]
[White "Astasio Lopez, David"]
[Black "Green, Andrew"]
[Result "1/2-1/2"]
[WhiteElo "2383"]
[BlackElo "2127"]
[PlyCount "252"]
[EventDate "2018.09.04"]
[EventType "swiss (blitz)"]
[EventRounds "10"]
[EventCountry "USA"]
[SourceTitle "EXT 2021"]
[Source "ChessBase"]
[SourceDate "2020.10.23"]
[SourceVersion "1"]
[SourceVersionDate "2020.10.23"]
[SourceQuality "1"]

1. d4 Nf6 2. Nf3 g6 3. Nbd2 Bg7 4. e4 d6 5. Bc4 0-0 6. 0-0 Nc6 7. Re1 e5 8. dxe5 Nxe5 9. Nxe5 dxe5 10. b3 Bh6 11. Nf3 Bxc1 12. Qxc1 Qe7 13. Qg5 Re8 14. h3 Kg7 15. Rad1 c6 16. a4 a5 17. Qe3 Qb4 18. Ng5 Rf8 19. c3 Qe7 20. Nf3 h6 21. Qb6 Re8 22. Rd3 Nd7 23. Qc7 Nc5 24. Qxe7 Rxe7 25. Rd8 b6 26. Rd6 Bb7 27. Nd2 Rd7 28. Rxd7 Nxd7 29. f3 Rd8 30. Kf2 Nc5 31. Nf1 Ba6 32. Bxa6 Nxa6 33. Ke2 Nc5 34. Rb1 f5 35. Nd2 Ra8 36. exf5 gxf5 37. Nc4 b5 38. Nxe5 Re8 39. f4 Nd7 40. axb5 cxb5 41. Ra1 Nxe5 42. fxe5 Rxe5+ 43. Kd3 Rd5+ 44. Kc2 b4 45. cxb4 axb4 46. Ra4 Rd4 47. Ra6 f4 48. Rb6 h5 49. h4 f3 50. gxf3 Rxh4 51. Kd3 Rf4 52. Ke3 Rh4 53. Kf2 Rd4 54. Kg3 Kf7 55. Rb5 Kg6 56. Kg2 Kh6 57. Kg3 Kg6 58. Kf2 h4 59. Kg2 Kf6 60. Kh3 Rd3 61. Rxb4 Rxf3+ 62. Kxh4 Ke6 63. Kg4 Rf6 64. Rd4 Ke7 65. Kg5 Rd6 66. Rc4 Kd7 67. Kf5 Rc6 68. Rd4+ Kc7 69. Ke5 Kb7 70. Kd5 Rh6 71. Kc5 Kb8 72. Rd5 Kb7 73. Rg5 Kb8 74. Kb5 Kb7 75. Rc5 Kb8 76. Rc6 Rh1 77. Rg6 Rb1 78. b4 Kb7 79. Rg7+ Kb8 80. Kc5 Rh1 81. Rg6 Rh8 82. Kb6 Rf8 83. Ka6 Rh8 84. Rb6+ Ka8 85. Re6 Kb8 86. Kb6 Rf8 87. Kc6 Rh8 88. Kc5 Rg8 89. Kb5 Rh8 90. Ka6 Rg8 91. Rb6+ Ka8 92. Rd6 Kb8 93. b5 Rh8 94. Rd7 Rg8 95. Rb7+ Ka8 96. Rf7 Kb8 97. b6 Rh8 98. Rb7+ Ka8 99. Rg7 Kb8 100. Ra7 Rg8 101. Rb7+ Ka8 102. Re7 Kb8 103. Re6 Rh8 104. Kb5 Rg8 105. Kc6 Rh8 106. Re7 Rg8 107. Rb7+ Ka8 108. Rd7 Kb8 109. Rb7+ Ka8 110. Ra7+ Kb8 111. Rf7 Rh8 112. Re7 Rg8 113. Kd6 Rh8 114. Re6 Rg8 115. Kd7 Rh8 116. Rc6 Rh7+ 117. Kd6 Rh6+ 118. Kc5 Rh5+ 119. Kc4 Rh8 120. Kb5 Rg8 121. Rd6 Rh8 122. Kc6 Rg8 123. Rd7 Rh8 124. Rb7+ Ka8 125. Ra7+ Kb8 126. Re7 Rg8 1/2-1/2

[Event "Titled Tuesday intern op 4th Sept"]
[Site "Chess.com INT"]
[Date "2018.09.04"]
[Round "9"]
[White "Oglaza, Oskar"]
[Black "Astasio Lopez, David"]
[Result "0-1"]
[WhiteElo "2310"]
[BlackElo "2383"]
[PlyCount "84"]
[EventDate "2018.09.04"]
[EventType "swiss (blitz)"]
[EventRounds "10"]
[EventCountry "USA"]
[SourceTitle "EXT 2021"]
[Source "ChessBase"]
[SourceDate "2020.10.23"]
[SourceVersion "1"]
[SourceVersionDate "2020.10.23"]
[SourceQuality "1"]

1. e4 c5 2. Ne2 Nf6 3. Nbc3 Nc6 4. d4 cxd4 5. Nxd4 e6 6. Ndb5 Bb4 7. a3 Bxc3+ 8. Nxc3 d5 9. exd5 exd5 10. Bd3 0-0 11. 0-0 d4 12. Ne2 Bg4 13. h3 Bh5 14. Bg5 Re8 15. Qd2 Bxe2 16. Bxf6 Qxf6 17. Bxe2 Rad8 18. Bd3 Ne5 19. Rae1 g6 20. Qb4 b6 21. Qd2 Kg7 22. f4 Nxd3 23. cxd3 Rxe1 24. Rxe1 h5 25. Re5 Rc8 26. Qf2 Rd8 27. Qf3 Rd7 28. g3 Rc7 29. Qa8 Rc1+ 30. Kf2 Rc2+ 31. Ke1 h4 32. Qf3 Rxb2 33. Re8 hxg3 34. Qxg3 Qc6 35. Re2 Qc3+ 36. Kf2 Qxa3 37. f5 Rxe2+ 38. Kxe2 Qe7+ 39. Kd1 Qe3 40. f6+ Kxf6 41. Qd6+ Kg7 42. Kc2 Qe2+ 0-1

[Event "Titled Tuesday intern op 17th April"]
[Site "Chess.com INT"]
[Date "2018.04.17"]
[Round "10"]
[White "Astasio Lopez, David"]
[Black "Aliakbarov, Anar Samir Oglu"]
[Result "0-1"]
[WhiteElo "2386"]
[BlackElo "2376"]
[PlyCount "138"]
[EventDate "2018.04.17"]
[EventType "swiss (blitz)"]
[EventRounds "10"]
[EventCountry "USA"]
[SourceTitle "EXT 2021"]
[Source "ChessBase"]
[SourceDate "2020.10.23"]
[SourceVersion "1"]
[SourceVersionDate "2020.10.23"]
[SourceQuality "1"]

1. d4 d5 2. Nf3 Nf6 3. Nbd2 e6 4. e3 Bd6 5. Bd3 0-0 6. 0-0 b6 7. e4 dxe4 8. Nxe4 Nxe4 9. Bxe4 c6 10. Ng5 h6 11. Qh5 f5 12. Bd3 hxg5 13. Bxg5 Be7 14. Bxe7 Qxe7 15. Rfe1 Qf7 16. Qf3 Bb7 17. Bc4 Re8 18. Qb3 Bc8 19. Qf3 a5 20. Re5 g6 21. Rae1 Ra7 22. g4 b5 23. Bd3 Nd7 24. R5e2 Nf6 25. gxf5 gxf5 26. h3 Nd5 27. Bxf5 Rae7 28. Bg4 Qxf3 29. Bxf3 Nf4 30. Re5 Nxh3+ 31. Kh2 Nf4 32. Bxc6 Rf8 33. Rg1+ Rg7 34. Reg5 Rxg5 35. Rxg5+ Kf7 36. Rxb5 Rh8+ 37. Kg3 Ne2+ 38. Kg4 Nxd4 39. Rc5 e5+ 40. Kg3 Rg8+ 41. Kh4 Nf5+ 42. Kh3 Kf6 43. Bd5 Ne7+ 44. Kh2 Nxd5 45. Rxd5 Bb7 46. Rd2 Bf3 47. c4 Kf5 48. Rd7 Rg2+ 49. Kh3 Rxf2 50. Kg3 Rf1 51. Rf7+ Ke4 52. c5 Rg1+ 53. Kh2 Rg2+ 54. Kh3 Rxb2 55. c6 Rc2 56. c7 Ke3 57. Kg3 e4 58. a3 Rg2+ 59. Kh3 Rc2 60. Kg3 Bh1 61. Rh7 Bf3 62. Re7 Kd4 63. Kf4 Kd5 64. Kf5 Kd6 65. Kf6 Rxc7 66. Re6+ Kd5 67. Re5+ Kd4 68. Rxa5 e3 69. Ra7 Rxa7 0-1

[Event "Titled Tuesday intern op 2nd Jan"]
[Site "Chess.com INT"]
[Date "2018.01.02"]
[Round "1"]
[White "Coe, William R"]
[Black "Astasio Lopez, David"]
[Result "0-1"]
[WhiteElo "2078"]
[BlackElo "2389"]
[PlyCount "74"]
[EventDate "2018.01.02"]
[EventType "swiss (blitz)"]
[EventRounds "10"]
[EventCountry "USA"]
[SourceTitle "EXT 2021"]
[Source "ChessBase"]
[SourceDate "2020.10.23"]
[SourceVersion "1"]
[SourceVersionDate "2020.10.23"]
[SourceQuality "1"]

1. e4 c5 2. Nf3 e6 3. d4 cxd4 4. Nxd4 Nf6 5. Bd3 Nc6 6. Nxc6 bxc6 7. 0-0 d5 8. exd5 exd5 9. Re1+ Be7 10. c4 0-0 11. cxd5 cxd5 12. Nc3 Bg4 13. Qa4 h6 14. Bf4 Bd7 15. Qd1 Bg4 16. Qa4 Bd7 17. Qd1 Be6 18. Qd2 Re8 19. Rad1 Qb6 20. a3 Rad8 21. Na4 Qb7 22. b4 Ne4 23. Bxe4 dxe4 24. Qe3 Rxd1 25. Rxd1 Qa6 26. Nb2 Bf6 27. Rd2 Qc6 28. Nd1 Bg4 29. h3 Bh5 30. g4 Bg6 31. Kg2 a6 32. g5 hxg5 33. Bg3 Bh5 34. Rd6 Bf3+ 35. Kh2 Qc2 36. Rd2 Qc4 37. h4 Qf1 0-1

[Event "Titled Tuesday intern op 2nd Jan"]
[Site "Chess.com INT"]
[Date "2018.01.02"]
[Round "9"]
[White "Roberson, Peter T"]
[Black "Astasio Lopez, David"]
[Result "0-1"]
[WhiteElo "2412"]
[BlackElo "2389"]
[PlyCount "114"]
[EventDate "2018.01.02"]
[EventType "swiss (blitz)"]
[EventRounds "10"]
[EventCountry "USA"]
[SourceTitle "EXT 2021"]
[Source "ChessBase"]
[SourceDate "2020.10.23"]
[SourceVersion "1"]
[SourceVersionDate "2020.10.23"]
[SourceQuality "1"]

1. e4 c5 2. Nf3 e6 3. d4 cxd4 4. Nxd4 Nf6 5. Nc3 Nc6 6. Ndb5 Bb4 7. a3 Bxc3+ 8. Nxc3 d5 9. exd5 exd5 10. Bd3 0-0 11. 0-0 d4 12. Ne4 Bf5 13. Bg5 Bxe4 14. Bxe4 h6 15. Bxf6 Qxf6 16. Qf3 Qxf3 17. Bxf3 Ne5 18. Rad1 Nxf3+ 19. gxf3 Rfd8 20. Rfe1 Rd7 21. Rd2 Rad8 22. Kg2 Kf8 23. Rd3 Rd6 24. f4 Rb6 25. b3 Ra6 26. a4 Rc6 27. Re2 Rd5 28. Kf3 f5 29. Re5 Rxe5 30. fxe5 Rxc2 31. Rxd4 Ke7 32. Rb4 b6 33. a5 bxa5 34. Rb7+ Ke6 35. Rxg7 Kxe5 36. Rxa7 Ra2 37. b4 Ra3+ 38. Kg2 axb4 39. Rb7 Rb3 40. Rh7 Rb1 41. Rxh6 b3 42. Rb6 Kd4 43. Kf3 Kc3 44. Kf4 Rf1 45. f3 b2 46. Rc6+ Kd4 47. Rb6 b1Q 48. Rxb1 Rxb1 49. Kxf5 Ke3 50. h4 Kxf3 51. h5 Rb5+ 52. Kg6 Kg4 53. h6 Rb6+ 54. Kg7 Kg5 55. h7 Rb7+ 56. Kg8 Kg6 57. h8Q Rb8# 0-1

[Event "Euskadi-ch"]
[Site "Zornotza"]
[Date "2016.03.31"]
[Round "4"]
[White "Astasio Lopez, David"]
[Black "Gonzalez de la Torre, Santiago"]
[Result "1/2-1/2"]
[WhiteElo "2399"]
[BlackElo "2428"]
[PlyCount "120"]
[EventDate "2016.03.28"]
[EventType "swiss"]
[EventRounds "7"]
[EventCountry "ESP"]
[SourceTitle "EXT 2018"]
[Source "ChessBase"]
[SourceDate "2017.10.13"]
[SourceVersion "1"]
[SourceVersionDate "2017.10.13"]
[SourceQuality "1"]

1. d4 Nf6 2. Nf3 c5 3. e3 g6 4. dxc5 Qa5+ 5. Nbd2 Qxc5 6. a3 Bg7 7. b4 Qc7 8. Bb2 0-0 9. Be2 b6 10. 0-0 Bb7 11. c4 d6 12. Qb3 Nbd7 13. h3 Rac8 14. Rac1 Qb8 15. Rfd1 Qa8 16. Bd4 Rc7 17. Qb2 Rfc8 18. Bf1 b5 19. cxb5 e5 20. Rxc7 Rxc7 21. Bc3 Nd5 22. Rc1 N7b6 23. Qa1 Qc8 24. Bb2 Rxc1 25. Qxc1 Qxc1 26. Bxc1 Nc3 27. Bb2 Nba4 28. Bxc3 Nxc3 29. Nc4 Nxb5 30. Na5 Bxf3 31. Bxb5 Bd5 32. Nc6 Bxc6 33. Bxc6 e4 34. Bxe4 Bb2 35. a4 Bc3 36. b5 f5 37. Bc2 Kf7 38. Bb3+ Kf6 39. f4 g5 40. Kf2 h5 41. fxg5+ Kxg5 42. Ke2 Ba5 43. Kf3 h4 44. Bd5 Bb6 45. Ke2 Kf6 46. Kd3 Ke5 47. Bb7 Ba5 48. Ke2 Bb6 49. Kf3 Ba5 50. g3 hxg3 51. Kxg3 Bb6 52. Kf3 d5 53. h4 d4 54. exd4+ Bxd4 55. a5 Bc3 56. b6 Bd4 57. bxa7 Bxa7 58. Bc8 Kf6 59. Bd7 Kg7 60. Bxf5 Kh8 1/2-1/2

[Event "Elgoibar 25th"]
[Site "Elgoibar"]
[Date "2015.12.19"]
[Round "8"]
[White "Etchegaray, Patrice"]
[Black "Astasio Lopez, David"]
[Result "1/2-1/2"]
[WhiteElo "2381"]
[BlackElo "2419"]
[PlyCount "26"]
[EventDate "2015.12.14"]
[EventType "tourn"]
[EventRounds "9"]
[EventCountry "ESP"]
[EventCategory "7"]
[SourceTitle "CBM 170 Extra"]
[Source "ChessBase"]
[SourceDate "2016.02.25"]
[SourceVersion "1"]
[SourceVersionDate "2016.02.25"]
[SourceQuality "1"]

1. e4 c5 2. Nf3 e6 3. d4 cxd4 4. Nxd4 Nf6 5. Nc3 Nc6 6. Ndb5 Bb4 7. a3 Bxc3+ 8. Nxc3 d5 9. exd5 exd5 10. Bd3 d4 11. Ne2 Bf5 12. 0-0 Bxd3 13. Qxd3 0-0 1/2-1/2

[Event "Elgoibar 25th"]
[Site "Elgoibar"]
[Date "2015.12.18"]
[Round "6"]
[White "Pap, Misa"]
[Black "Astasio Lopez, David"]
[Result "1-0"]
[WhiteElo "2494"]
[BlackElo "2419"]
[PlyCount "73"]
[EventDate "2015.12.14"]
[EventType "tourn"]
[EventRounds "9"]
[EventCountry "ESP"]
[EventCategory "7"]
[SourceTitle "CBM 170 Extra"]
[Source "ChessBase"]
[SourceDate "2016.02.25"]
[SourceVersion "1"]
[SourceVersionDate "2016.02.25"]
[SourceQuality "1"]

1. e4 c5 2. Nf3 Nc6 3. d4 cxd4 4. Nxd4 e6 5. Nc3 Nf6 6. Ndb5 Bb4 7. a3 Bxc3+ 8. Nxc3 d5 9. exd5 exd5 10. Bd3 0-0 11. 0-0 d4 12. Ne2 Bg4 13. f3 Bh5 14. Nf4 Bg6 15. Nxg6 hxg6 16. f4 Ne7 17. Qf3 Qd7 18. Re1 Rfe8 19. Bd2 Nf5 20. h3 Rxe1+ 21. Rxe1 Re8 22. Rxe8+ Nxe8 23. Qe4 a6 24. g4 Nf6 25. Qf3 Ne7 26. Kg2 Nc6 27. Qe2 Qd6 28. Kh2 Qd7 29. Bc4 Ne8 30. Qe4 Nf6 31. Qxg6 b5 32. Bb3 Qe7 33. Qd3 Ne4 34. Bd5 Nxd2 35. Qxd2 Nd8 36. Kg3 g6 37. Kf3 1-0

[Event "Elgoibar 25th"]
[Site "Elgoibar"]
[Date "2015.12.16"]
[Round "3"]
[White "Gonzalez de la Torre, Santiago"]
[Black "Astasio Lopez, David"]
[Result "1/2-1/2"]
[WhiteElo "2431"]
[BlackElo "2419"]
[PlyCount "104"]
[EventDate "2015.12.14"]
[EventType "tourn"]
[EventRounds "9"]
[EventCountry "ESP"]
[EventCategory "7"]
[SourceTitle "CBM 170 Extra"]
[Source "ChessBase"]
[SourceDate "2016.02.25"]
[SourceVersion "1"]
[SourceVersionDate "2016.02.25"]
[SourceQuality "1"]

1. e4 c5 2. Nf3 e6 3. d4 cxd4 4. Nxd4 Nc6 5. Nc3 Nf6 6. Nxc6 bxc6 7. e5 Nd5 8. Ne4 Qc7 9. f4 Qa5+ 10. c3 Be7 11. Bd3 Ba6 12. 0-0 Bxd3 13. Qxd3 f5 14. exf6 Nxf6 15. Nxf6+ Bxf6 16. Be3 d5 17. a4 0-0 18. b4 Qc7 19. Bc5 Rfe8 20. Rf3 a5 21. bxa5 Rxa5 22. Qe3 Ra6 23. h3 e5 24. fxe5 Bxe5 25. Raf1 Raa8 26. Qf2 Qc8 27. Rf7 h6 28. Re1 Qe6 29. Rxg7+ Kxg7 30. Rxe5 Qxe5 31. Bd4 Rxa4 32. Qg3+ Kf6 33. Qf2+ Kg6 34. Bxe5 Rxe5 35. Qf8 Re6 36. Qg8+ Kf6 37. Qf8+ Ke5 38. Qg8 Kf5 39. g4+ Ke5 40. Qb8+ Ke4 41. Qb1+ Kf4 42. Qf1+ Ke5 43. Qf5+ Kd6 44. Qf8+ Kd7 45. Qg7+ Kd8 46. Qg8+ Re8 47. Qg6 Kd7 48. Kf2 Re6 49. Qg7+ Kd6 50. Qf8+ Kd7 51. Qg7+ Kd6 52. Qf8+ Kd7 1/2-1/2

[Event "Iberoamerican-ch 6th"]
[Site "Bilbao"]
[Date "2015.10.30"]
[Round "5"]
[White "Peralta, Fernando"]
[Black "Astasio Lopez, David"]
[Result "1-0"]
[WhiteElo "2563"]
[BlackElo "2424"]
[PlyCount "64"]
[EventDate "2015.10.26"]
[EventType "swiss"]
[EventRounds "9"]
[EventCountry "ESP"]
[SourceTitle "CBM 169 Extra"]
[Source "ChessBase"]
[SourceDate "2015.12.18"]
[SourceVersion "1"]
[SourceVersionDate "2015.12.18"]
[SourceQuality "1"]

1. d4 d5 2. c4 c6 3. Nc3 Nf6 4. e3 e6 5. Nf3 Nbd7 6. Bd3 Bd6 7. e4 dxe4 8. Nxe4 Nxe4 9. Bxe4 e5 10. 0-0 exd4 11. Bc2 0-0 12. Qxd4 Qf6 13. Qd3 Qg6 14. Qd1 f5 15. Nh4 Qf6 16. Nxf5 Bc5 17. Be3 Qxb2 18. Bxc5 Nxc5 19. Ne7+ Kf7 20. Nxc8 Raxc8 21. Qh5+ g6 22. Qxh7+ Qg7 23. Bxg6+ Kf6 24. Qh5 Ne6 25. Rae1 Nd4 26. f4 Qxg6 27. Qe5+ Kf7 28. Qxd4 Rcd8 29. Qxa7 Rd2 30. Rf2 Rfd8 31. Rxd2 Rxd2 32. Qxb7+ Kg8 1-0

[Event "Pontevedra op 3rd"]
[Site "Pontevedra"]
[Date "2015.08.12"]
[Round "6"]
[White "Astasio Lopez, David"]
[Black "Rodriguez Lopez, Rafael"]
[Result "1-0"]
[WhiteElo "2403"]
[BlackElo "2255"]
[PlyCount "73"]
[EventDate "2015.08.09"]
[EventType "swiss"]
[EventRounds "9"]
[EventCountry "ESP"]
[SourceTitle "EXT 2016"]
[Source "ChessBase"]
[SourceDate "2015.10.08"]
[SourceVersion "1"]
[SourceVersionDate "2015.10.08"]
[SourceQuality "1"]

1. d4 Nf6 2. Nd2 c5 3. e3 g6 4. dxc5 Qa5 5. a3 Qxc5 6. b4 Qc7 7. Bb2 Bg7 8. Ngf3 0-0 9. Be2 b6 10. 0-0 Bb7 11. c4 d6 12. Qb3 Nbd7 13. h3 Rac8 14. Rfd1 Qb8 15. Bd4 Rfd8 16. Qb2 Qa8 17. Bf1 Nf8 18. Bc3 Ne6 19. Nd4 Nxd4 20. Bxd4 d5 21. c5 bxc5 22. bxc5 Ne8 23. Nb3 Rb8 24. Bxg7 Nxg7 25. Qe5 e6 26. Nd4 Nf5 27. Rab1 Nxd4 28. exd4 Bc6 29. Ba6 Bb7 30. Bb5 h5 31. Rdc1 Rbc8 32. Rb3 Bc6 33. Ba6 Rb8 34. Rcb1 Rxb3 35. Rxb3 Bd7 36. Qc7 Bc6 37. Rb7 1-0

[Event "Pontevedra op 3rd"]
[Site "Pontevedra"]
[Date "2015.08.11"]
[Round "4"]
[White "Astasio Lopez, David"]
[Black "Galiana Fernandez, Adrian"]
[Result "1-0"]
[WhiteElo "2403"]
[BlackElo "1941"]
[PlyCount "81"]
[EventDate "2015.08.09"]
[EventType "swiss"]
[EventRounds "9"]
[EventCountry "ESP"]
[SourceTitle "EXT 2016"]
[Source "ChessBase"]
[SourceDate "2015.10.08"]
[SourceVersion "1"]
[SourceVersionDate "2015.10.08"]
[SourceQuality "1"]

1. d4 Nf6 2. Nf3 e6 3. Nbd2 c5 4. e3 b6 5. Bd3 cxd4 6. exd4 Bb7 7. 0-0 Be7 8. Qe2 0-0 9. c3 d6 10. Re1 Nbd7 11. Nf1 Re8 12. Ng3 Bf8 13. Bg5 h6 14. Be3 Qc8 15. Rad1 e5 16. dxe5 dxe5 17. Bf5 Qc7 18. Nd2 g6 19. Bb1 Rad8 20. h4 h5 21. Bg5 Re6 22. Bc2 Nc5 23. a3 Qc6 24. f3 Be7 25. c4 Ne8 26. Bxe7 Rxe7 27. b4 Nd7 28. Nde4 Ng7 29. Rd6 Qc7 30. Qd2 Bxe4 31. Nxe4 Nf5 32. Nf6+ Nxf6 33. Rxd8+ Kh7 34. Bxf5 gxf5 35. Rd1 f4 36. Qd3+ e4 37. fxe4 Ng4 38. Qd4 Re5 39. Rd7 Qc6 40. Rxf7+ Kg6 41. Rxf4 1-0